00357pab a2200121 454500008004000000100001800040245008400058260000900142300001400151362000800165650002800173773003400201180718b2009 xxu||||| |||| 00| 0 eng d aRothstein, Bo aCreating political legitimacy: electoral democracy versus quality of government c2009 ap.311-30. aNov aPolitics and government aAmerican Behavioral Scientist